Mapas de América en los libros españoles de los siglos XVI al XVIII (1503-1798) (Record no. 7325)

MARC details
000 -CABECERA
campo de control de longitud fija 00908nam a2200277 a 4500
001 - NÚMERO DE CONTROL
campo de control BRCA_7651
005 - FECHA Y HORA DE LA ÚLTIMA TRANSACCIÓN
campo de control 20190320205928.0
008 - DATOS DE LONGITUD FIJA--INFORMACIÓN GENERAL
campo de control de longitud fija 260713s1955----sp-#######---#000-0#spa-#
041 ## - CÓDIGO DE LENGUA
Código de lengua del texto/banda sonora o título independiente spa
044 ## - CÓDIGO DEL PAÍS DE LA ENTIDAD EDITORA/PRODUCTORA
Código MARC del país sp
050 #4 - SIGNATURA TOPOGRÁFICA DE LA BIBLIOTECA DEL CONGRESO
Número de clasificación G1100
Número de documento/Ítem .V56 1955
100 1# - ENTRADA PRINCIPAL--NOMBRE DE PERSONA
Nombre de persona Vindel, Francisco
9 (RLIN) 18864
245 10 - MENCIÓN DE TÍTULO
Título Mapas de América en los libros españoles de los siglos XVI al XVIII (1503-1798)
Mención de responsabilidad, etc. Francisco Vindel.
260 ## - PUBLICACIÓN, DISTRIBUCIÓN, ETC.
Lugar de publicación, distribución, etc. Madrid
Fecha de publicación, distribución, etc. 1955
300 ## - DESCRIPCIÓN FÍSICA
Extensión ix, 361 p.
Otras características físicas il., mapas
Dimensiones 37 cm.
500 ## - NOTA GENERAL
Nota general 241 facsímiles
500 ## - NOTA GENERAL
Nota general Dos atlas iguales (uno encuadernado en tapa azul) inventariados por el Banco de México como un solo libro
500 ## - NOTA GENERAL
Nota general Ejemplar numerado 237 de 500
500 ## - NOTA GENERAL
Nota general T68
650 14 - PUNTO DE ACCESO ADICIONAL DE MATERIA--TÉRMINO DE MATERIA
Término de materia o nombre geográfico como elemento de entrada Mapas
9 (RLIN) 10484
650 14 - PUNTO DE ACCESO ADICIONAL DE MATERIA--TÉRMINO DE MATERIA
Término de materia o nombre geográfico como elemento de entrada Libros ilustrados
Subdivisión cronológica Siglo XV-XVI
9 (RLIN) 18865
650 14 - PUNTO DE ACCESO ADICIONAL DE MATERIA--TÉRMINO DE MATERIA
Término de materia o nombre geográfico como elemento de entrada Libros ilustrados
Subdivisión cronológica Siglo XVII-XVIII
9 (RLIN) 18866
650 14 - PUNTO DE ACCESO ADICIONAL DE MATERIA--TÉRMINO DE MATERIA
Término de materia o nombre geográfico como elemento de entrada América
Subdivisión de forma Mapas
9 (RLIN) 18867
902 ## - CATALOGADOR
Iniciales GFM
942 ## - ELEMENTOS DE PUNTO DE ACCESO ADICIONAL (KOHA)
Fuente del sistema de clasificación o colocación Library of Congress Classification
Tipo de ítem Koha Libros
Holdings
Estado de retiro Estado de pérdida Estado dañado No para préstamo Localización permanente Ubicación/localización actual Fecha de adquisición Número de inventario Total de préstamos Signatura topográfica completa Código de barras Fecha visto por última vez Precio válido a partir de Tipo de ítem Koha
El ejemplar forma parte de la colección y puede ser consultado según las políticas vigentes.       Biblioteca del Museo Franz Mayer (Rogerio Casas-Alatriste) Biblioteca del Museo Franz Mayer (Rogerio Casas-Alatriste) 25/07/2013 T68   G1100 .V56 1955 (T68) 8259 22/03/2019 22/03/2019 Libros